000 00736cam a22002297a 4500
020 _a0764567969 (pbk.)
040 _cCPL
082 0 0 _a006 H.N.J 2005 A002 Or.
100 1 _aIhnatko, Andy.
245 1 4 _aThe iLife '04 book /
246 3 _aiLife 2004 book
260 _aHoboken, N.J. :
_bWiley Pub.,
_cc2005.
300 _axxiii, 519 p. :
_bill. ;
_c23 cm.
500 _aIncludes index.
650 0 _aInteractive multimedia
650 0 _aMacintosh (Computer)
700 1 _aBove, Tony,
856 4 1 _uhttp://www.loc.gov/catdir/toc/wiley051/2004102436.html
856 4 2 _uhttp://www.loc.gov/catdir/enhancements/fy0619/2004102436-b.html
856 4 2 _uhttp://www.loc.gov/catdir/enhancements/fy0619/2004102436-d.html
942 _cEK
999 _c16747
_d16747